| 000 | 00696nam a22002297a 4500 | ||
|---|---|---|---|
| 999 |
_c12134 _d12134 |
||
| 003 | AR-CdUCM | ||
| 008 | 190405b ||||| |||| 00| 0 spa d | ||
| 040 |
_aMUNICIPALIDAD PROVINCIAL DEL CUSCO _cBIBLIOTECA MUNICIPAL DEL CUSCO |
||
| 082 |
_aC / 869.56 / _bM42 |
||
| 100 |
_aMendoza Borda, Gloria _914954 |
||
| 245 | _aLos grillos tomaron tu cimbre / | ||
| 260 |
_aCusco : _bImp. Veloz, _c1971. |
||
| 300 |
_a48 páginas ; _c17 cm. |
||
| 505 | _aContenido: Poemas. | ||
| 650 |
_aLiteratura Peruana _9132 |
||
| 650 |
_aPoemas _9315 |
||
| 650 |
_aSiglo XX _98 |
||
| 650 |
_aPuno _93897 |
||
| 700 |
_aBejar Navarro, Hugo (carátula) _929827 |
||
| 942 |
_2ddc _cLIBROS |
||
| 945 |
_aachl _d2019-04-05 |
||